Statistiques concernant Chaque forme de pays

Cliquez ici pour prendre le quiz!

Statistiques générales

  • Ce quiz a été pris 10 590 fois
  • Le résultat moyen est 71 sur 196

Statistiques - réponses

Réponse% Correct
Etats-Unis
99%
France
97%
Australie
96%
Canada
96%
Italie
95%
Japon
93%
Royaume-Uni
93%
Norvège
91%
Chine
89%
Chili
86%
Grèce
84%
Inde
84%
Indonésie
81%
Islande
81%
Espagne
79%
Russie
78%
Allemagne
74%
Croatie
74%
Mexique
74%
Viêt Nam
73%
Portugal
72%
Turquie
72%
Philippines
71%
Chypre
70%
Cuba
69%
Nouvelle-Zélande
69%
Thaïlande
67%
Brésil
65%
Afrique du Sud
64%
Argentine
64%
Autriche
64%
Danemark
62%
Maroc
62%
Somalie
62%
Égypte
61%
Mali
59%
Madagascar
58%
Birmanie
56%
Suède
55%
Israël
54%
Sénégal
54%
Suisse
53%
Irlande
51%
Laos
51%
Kazakhstan
50%
Ukraine
50%
Gambie
49%
Papouasie-Nouvelle- Guinée
49%
Bénin
48%
Namibie
47%
Pakistan
47%
Pays-Bas
47%
Bangladesh
45%
Malaisie
45%
Mozambique
45%
Népal
45%
Algérie
44%
Finlande
44%
Panama
44%
Haïti
43%
Mauritanie
42%
République démocratique du Congo
42%
Sri Lanka
42%
Iran
41%
Belgique
40%
Ouzbékistan
40%
Érythrée
39%
Libye
39%
Mongolie
39%
Kosovo
38%
Monaco
38%
Pérou
38%
Taïwan
38%
Angola
37%
Estonie
37%
Maldives
37%
Roumanie
37%
Tchad
37%
Éthiopie
36%
Soudan
36%
Zambie
36%
Cameroun
35%
Venezuela
35%
Corée du Nord
34%
Émirats arabes unis
34%
Moldavie
34%
Pologne
34%
Afghanistan
33%
Bosnie-Herzégovine
33%
Corée du Sud
33%
Oman
33%
République tchèque
33%
Tunisie
33%
Vatican
33%
Irak
32%
Serbie
32%
Slovaquie
31%
Togo
31%
Jordanie
30%
Malawi
30%
Syrie
30%
Yémen
30%
Albanie
29%
Malte
29%
Niger
29%
Turkménistan
29%
Arabie Saoudite
28%
Azerbaïdjan
28%
Bahamas
28%
Colombie
28%
Côte d'Ivoire
27%
Lettonie
27%
Nicaragua
27%
Tadjikistan
27%
Bulgarie
26%
Gabon
26%
Jamaïque
26%
Kirghizistan
26%
Biélorussie
25%
Équateur
25%
Guinée équatoriale
25%
République du Congo
25%
Costa Rica
24%
Hongrie
24%
Burkina Faso
23%
Luxembourg
23%
Trinité-et-Tobago
23%
Cap-Vert
22%
Géorgie
22%
Ghana
22%
Guinée
22%
République Centrafricaine
22%
Monténégro
21%
Paraguay
21%
Singapour
21%
Koweït
20%
Slovénie
20%
Liberia
19%
Micronésie
19%
Nigeria
19%
Timor oriental
19%
Bolivie
18%
Guinée-Bissau
18%
Guyana
18%
Liechtenstein
18%
Lituanie
18%
Soudan du Sud
18%
Tanzanie
18%
Arménie
17%
Liban
17%
Macédoine du Nord
17%
Nauru
17%
Botswana
16%
Kenya
16%
Kiribati
16%
Qatar
16%
Saint-Christophe- et-Niévès
16%
Sao Tomé-et-Principe
16%
Vanuatu
16%
Zimbabwe
16%
Antigua-et-Barbuda
15%
Belize
15%
Brunei
15%
Fidji
15%
Guatemala
15%
Îles Marshall
15%
Salomon
15%
Comores
14%
Djibouti
14%
Saint-Marin
14%
Seychelles
14%
Bahreïn
13%
Cambodge
13%
Honduras
13%
Salvador
13%
Tuvalu
13%
Burundi
12%
Ouganda
12%
Tonga
12%
République dominicaine
11%
Sainte-Lucie
11%
Sierra Leone
11%
Eswatini
10%
Grenade
10%
Palaos
10%
Andorre
9%
Bhoutan
9%
Rwanda
9%
Saint-Vincent-et-les- Grenadines
9%
Samoa
9%
Suriname
9%
Uruguay
9%
Barbade
8%
Dominique
8%
Île Maurice
8%
Lesotho
8%

Distribution des résultats

Percentile par nombre de réponses

% des personnes avec chaque résultat

Votre développement - résultats

Vous n’avez pas pris ce quiz